Argentina FIFA World Cup XIs - Statistics

General Stats
  • This quiz has been taken 234 times
  • The average score is 42 of 147
Answer Stats
Answer % Correct
Lionel Messi
99%
Emiliano Martínez
98%
Ángel Di María
95%
Diego Maradona
91%
Julián Álvarez
88%
Cristian Romero
87%
Sergio Romero
87%
Gonzalo Higuaín
84%
Nicolás Otamendi
81%
Alexis Mac Allister
80%
Enzo Fernández
80%
Rodrigo De Paul
80%
Sergio Agüero
80%
Oscar Más
77%
Javier Mascherano
76%
Federico Fernández
74%
Gabriel Batistuta
74%
Nahuel Molina
72%
Hernán Crespo
69%
Francisco Sá
67%
Javier Zanetti
67%
Nicolás Tagliafico
67%
Marcos Acuña
66%
Pablo Zabaleta
63%
Carlos Tevez
62%
Juan Román Riquelme
62%
Marcos Rojo
60%
Martín Demichelis
60%
Juan Sebastián Verón
58%
Esteban Cambiasso
57%
Maxi Rodríguez
57%
Mario Kempes
51%
Walter Samuel
51%
Gabriel Heinze
50%
Franco Armani
49%
Daniel Passarella
48%
Roberto Ayala
47%
Rubén Ayala
47%
Diego Simeone
44%
Luis Monti
43%
Arcadio López
42%
Claudio López
42%
Enzo Pérez
41%
Éver Banega
39%
Ezequiel Garay
39%
Javier Saviola
39%
Jorge Burruchaga
38%
Claudio Caniggia
35%
Fernando Redondo
34%
Gabriel Mercado
34%
Juan Pablo Sorín
34%
Alberto González
33%
Ariel Ortega
31%
Jorge Valdano
31%
Roberto Abbondanzieri
31%
Fernando Gago
30%
José Luis Brown
29%
Mauricio Pochettino
28%
Nicolás Burdisso
28%
Oscar Ruggeri
28%
Nery Pumpido
24%
Ubaldo Fillol
24%
Osvaldo Ardiles
23%
Sergio Goycochea
22%
Roberto Sensini
21%
Carlos Roa
20%
Matías Almeyda
20%
Ramón Díaz
20%
Osvaldo Cruz
19%
Sergio Batista
19%
Abel Balbo
18%
José Chamot
18%
Leopoldo Luque
18%
Jorge Solari
17%
Pablo Cavallero
17%
Alberto Tarantini
16%
Guillermo Stábile
16%
Daniel Bertoni
15%
Diego Placente
15%
Ricardo Giusti
15%
Américo Gallego
14%
Julio Olarticoechea
14%
Antonio Rattín
13%
José Luis Cuciuffo
13%
Luis Islas
13%
Nelson Vivas
13%
René Houseman
13%
Juan Simón
12%
Oscar Garré
12%
Ángel Labruna
11%
Enrique Wolff
11%
Fernando Cáceres
11%
Jorge Olguín
11%
Amadeo Carrizo
10%
Antonio Roma
10%
José Basualdo
10%
Luis Galván
10%
Pedro Troglio
10%
Roberto Perfumo
9%
José Della Torre
8%
Luis Artime
8%
Oscar Alberto Ortiz
8%
José Serrizuela
7%
Silvio Marzolini
7%
Carlos Babington
6%
Constantino Urbieta Sosa
6%
José Sanfilippo
6%
Ermindo Onega
5%
Néstor Rossi
5%
Oreste Corbatta
5%
Ramón Heredia
5%
Daniel Carnevali
4%
Francisco Varallo
4%
Agustín Balbuena
2%
Ángel Bossio
2%
Carlos Peucelle
2%
Héctor Facundo
2%
José Varacka
2%
Juan Carlos Oleniak
2%
Juan Evaristo
2%
Manuel Ferreira
2%
Mario Evaristo
2%
Norberto Menéndez
2%
Rafael Albrecht
2%
Raúl Páez
2%
Roberto Telch
2%
Alberto Galateo
1%
Alberto Sainz
1%
Ernesto Belis
1%
Federico Sacchi
1%
Federico Vairo
1%
Federico Wilde
1%
Fernando Paternoster
1%
Francisco Lombardo
1%
Francisco Rúa
1%
Héctor Freschi
1%
José Nehin
1%
Juan Pedevilla
1%
Ludovico Avio
1%
Marcelo Pagani
1%
Pedro Dellacha
1%
Raúl Belén
1%
Roberto Ferreiro
1%
Roberto Irañeta
1%
Rodolfo Orlandini
1%
Rubén Navarro
1%
Alfredo Devincenzi
0%
No matching quizzes found
Score Distribution
Percent of People with Each Score
Percentile by Number Answered
Your Score History
You have not taken this quiz